Political/cultural identity (Record no. 56102)
[ view plain ]
| 000 -LEADER | |
|---|---|
| fixed length control field | 01295nam a2200337Ia 4500 |
| 100 1# - MAIN ENTRY--AUTHOR NAME | |
| Personal name | Preston, P. W. |
| 245 10 - TITLE STATEMENT | |
| Title | Political/cultural identity |
| 250 ## - EDITION STATEMENT | |
| Edition statement | 1st ed. |
| 260 ## - PUBLICATION, DISTRIBUTION, ETC. (IMPRINT) | |
| Place of publication | London ; |
| -- | Thousand Oaks, CA : |
| Name of publisher | Sage, |
| Year of publication | 1997. |
| 300 ## - PHYSICAL DESCRIPTION | |
| Number of Pages | viii, 198 p. |
| 650 #0 - SUBJECT ADDED ENTRY--TOPICAL TERM | |
| Topical Term | Political culture. |
| Topical Term | Politics and culture. |
| Topical Term | Group identity. |
| 856 40 - ELECTRONIC LOCATION AND ACCESS | |
| Uniform Resource Identifier | http://site.ebrary.com/lib/rucke/Doc?id=10326829 |
No items available.
